000
00320 a2200145 4500
001
149065
040
_c
Escola São Tomás de Aquino
100
_a
HEINE, Helme
240
1
0
_a
Pedroca e Maria
_l
por
245
1
0
_a
Pedroca e Maria
362
0
_a
1996
440
1
_a
Ática
697
_a
*LITERATURA INFANTO
942
_c
BK
999
_c
149065
_d
149065